Un soñador para un pueblo / (Registro nro. 10844)

Detalles MARC
000 -LIDER
fixed length control field 00847nam a22003135b 4500
001 - NÚMERO DE CONTROL
Identificador de número de control 091266
003 - IDENTIFICACDOR DE NÚMERO DE CONTROL
control field DO-SdBNP
005 - DATE AND TIME OF LATEST TRANSACTION
control field 20231002105202.0
007 - CAMPOS FIJOS DE DESCRIPCIÓN FÍSICA
fixed length control field 091266
008 - ELEMENTOS DE LONGITUD FIJA
fixed length control field 910419r2004 sp spa
017 ## - NÚMERO DE REGISTRO DE DERECHOS DE AUTOR
Copyright or legal deposit number
Assigning agency
020 ## - ISBN
International Standard Book Number 8423918750
035 ## - NÚMERO LOCAL
System control number
040 ## - FUENTE DE CATALOGACIÓN
Agencia que crea de manera original el registro BPMSU
Idioma de catalogación spa
Agencia que realiza la transcripción BPMSU
Convenciones de la despripción
080 #0 - NÚMERO DE CLASIFICACIÓN DECIMAL UNIVERSAL
Universal Decimal Classification number
082 #4 - NÚMERO DE CLASIFICACIÓN DECIMAL DE DEWEY
Classification number 862.6
Item number B928u 2004
Edition number 22
100 1# - ASIENTO PRINCIPAL -- NOMBRE PERSONAL
Nombre personal Buero Vallejo, Antonio
Fechas asociadas con el nombre 1916-2000
245 13 - MENCIÓN DE TITULO
Título Un soñador para un pueblo /
Mención de responsabilidad Antonio Buero Vallejo ; edición, Luis Iglesias Feijoo
Medio (Designación general de material)
250 ## - MENCIÓN DE EDICION
Mención de edición 23ª ed.
260 ## - PUBLICACIÓN, DISTRIBUCIÓN, ETC. (PIE DE IMPRENTA)
Lugar de publicación, distribución, etc Madrid :
Nombre del editor, distribuidor, etc. Espasa-Calpe,
Fecha de publicación, distribución, etc 2004
300 ## - DESCRIPCIÓN FÍSICA
Extensión 196 p. :
Dimensiones 18 cm
490 0# - MENCIÓN DE SERIES
Mención de serie Colección austral,
Volume/sequential designation 75
503 ## - BIBLIOGRAPHIC HISTORY NOTE (BK CF MU) [OBSOLETE]
Bibliographic history note
590 ## - NOTA LOCAL
Texto de la nota local Inventariado, 2023/VM
650 #4 - ENCABEZAMIENTO DE MATERIA--TEMÁTICO
Término temático o nombre geográfico como elemento de entrada Teatro español
700 1# - ASIENTO SECUNDARIO -- NOMBRE PERSONAL
Nombre personal Iglesias Feijoo, Luis
Mención de responsabilidad ed.
910 ## - VALIDACIÓN
Validación VMateo V. Cotnrol de calidad BPMSU
942 ## - ADDED ENTRY ELEMENTS (KOHA)
Source of classification or shelving scheme Dewey Decimal Classification
Koha item type Libros
Existencias
Withdrawn status Lost status Source of classification or shelving scheme Damaged status Not for loan Collection code Home library Current library Date acquired Source of acquisition Total Checkouts Full call number Barcode Date last seen Price effective from Koha item type
    Dewey Decimal Classification     Colección General Biblioteca Pública Metropolitana Salomé Ureña Biblioteca Pública Metropolitana Salomé Ureña 07/12/2016 FUNDI   BPMSU CG 862.6 B928u 2004 BPMSU16070421 07/12/2016 07/12/2016 Libros